Managing packaged tourism : relationships, responsibilities and service quality in the inclusive holiday industry /

This book is divided into five parts: The evolution and structure of the inclusive holiday industry; Analysing the inclusive holiday industry; Marketing and distributing inclusive holidays; Creating and operating inclusive holidays; and The timeshare industry.

Đã lưu trong:
Bibliografiske detaljer
Hovedforfatter: Laws, Eric.
Format: Bog
Sprog:English
Udgivet: London : International Thomson Business Press, 1997.
Fag:
Tags: Tilføj Tag
Ingen Tags, Vær først til at tagge denne postø!
Thư viện lưu trữ: Mạng thư viện Đại học Đà Nẵng
LEADER 01184cam a2200337 i 4500
001 000048254
003 7962
005 20030313154307.0
008 010316|1997 vm 000 eng
020 |a 0415113474 
040 |a IRC  |c IRC  |d IRC 
041 0 |a eng 
082 1 4 |a 338.4791  |b LA-E 
100 1 |a Laws, Eric. 
245 0 0 |a Managing packaged tourism :  |b relationships, responsibilities and service quality in the inclusive holiday industry /  |c Eric Laws. 
260 |a London :  |b International Thomson Business Press,  |c 1997. 
300 |a xiii, 248 p. :  |b ill. ;  |c 24.5cm. 
520 3 |a This book is divided into five parts: The evolution and structure of the inclusive holiday industry; Analysing the inclusive holiday industry; Marketing and distributing inclusive holidays; Creating and operating inclusive holidays; and The timeshare industry. 
630 0 4 |a Management. 
630 0 4 |a Tourism. 
650 0 4 |a Tourism  |x Management. 
OWN |a DUT 
999 |a From the UDN01 
TYP |a Monograph 
TYP |a Printed language 
980 |a Mạng thư viện Đại học Đà Nẵng